000 00395cam a22001217a 4500
008 180718b1980 xxu||||| |||| 00| 0 eng d
082 _aA81x54 In2/71/7/Pt 2 D
100 _aCensus of India 1971
245 _aHimachal Pradesh; migration tables
260 _aDelhi
_bThe Controller of Publications
_c1980
300 _a393+p.
440 _aCensus of India 1971. Series-7, Himachal Pradesh. Part II-D
999 _c485132
_d485132